000 00340nam a2200133Ia 4500
008 240624s9999 xx 000 0 und d
041 _aeng
082 _a519.5 BUG
100 _aBUGLEAR JOHN
245 _aPRACTICAL STATISTICS A HANDBOOK FOR BUSI
260 _c2014
_aLondon
_bKogan Page
300 _avi, 176 p.; 24 cm.
365 _cBPS
_b38
999 _c29136
_d29136